Escritores de la historia augusta / (Record no. 53379)

MARC details
000 -LEADER
campo de control de longitud fija 01025nam a2200253 i 4500
001 - NÚMERO DE CONTROL
campo de control 53379
003 - IDENTIFICADOR DE NÚMERO DE CONTROL
campo de control ES-MaACL
005 - FECHA Y HORA DE LA ÚLTIMA TRANSACCIÓN
campo de control 20230906162744.0
007 - CAMPO FIJO DE DESCRIPCIÓN FÍSICA--INFORMACIÓN GENERAL
campo de control de longitud fija t|
008 - DATOS DE LONGITUD FIJA--INFORMACIÓN GENERAL
campo de control de longitud fija 940301m18891890sp ||||1| spa d
080 ## - NÚMERO DE LA CLASIFICACIÓN DECIMAL UNIVERSAL
Número de la Clasificación Decimal Universal 94(37)"-0030/+0476"
245 00 - MENCIÓN DEL TÍTULO
Título Escritores de la historia augusta /
Mención de responsabilidad, etc. traducción directa del latín por Francisco Navarro Calvo.
260 ## - PUBLICACIÓN, DISTRIBUCIÓN, ETC.
Lugar de publicación, distribución, etc. Madrid :
Nombre del editor, distribuidor, etc. Librería de la Viuda de Hernando y Cª,
Fecha de publicación, distribución, etc. 1889-1890 (
Fabricante Estab. Tip. "Sucesores de Rivadeneyra")
300 ## - DESCRIPCIÓN FÍSICA
Extensión 3 v. (404 ; 355 ; 381 p.) ;
Dimensiones 19 cm.
490 1# - MENCIÓN DE SERIE
Mención de serie Biblioteca clásica ;
Designación de volumen o secuencia 129, 131, 134
530 ## - NOTA DISPONIBLE DE FORMULARIO FÍSICO ADICIONAL
Nota de formato físico adicional disponible Disponible en formato digital.
650 #4 - PUNTO DE ACCESO ADICIONAL DE MATERIA--TÉRMINO DE MATERIA
Término de materia o nombre geográfico como elemento de entrada Emperadores-
Subdivisión geográfica Roma-
Subdivisión general Biografías.
9 (RLIN) 162493
651 #4 - PUNTO DE ACCESO ADICIONAL DE MATERIA--NOMBRE GEOGRÁFICO
Nombre geográfico Roma-
Subdivisión general Historia-
Subdivisión cronológica 30 a.C.-476 d.C., Imperio.
9 (RLIN) 9319
700 1# - ENTRADA AGREGADA--NOMBRE PERSONAL
Nombre de persona Navarro y Calvo, Francisco.
9 (RLIN) 85185
830 1# - PUNTO DE ACCESO ADICIONAL DE SERIE-TÍTULO UNIFORME
Título uniforme Biblioteca clásica ;
Designación de volumen o secuencia 129, 131, 134
9 (RLIN) 180370
852 ## - LOCALIZACIÓN
Ubicación ES-MaACL
Número de control de estantería F-13098-100
856 ## - LOCALIZACIÓN Y ACCESO ELECTRÓNICOS
Identificador Uniforme de Recursos <a href="http://bdh-rd.bne.es/viewer.vm?id=0000235415&page=1 ">http://bdh-rd.bne.es/viewer.vm?id=0000235415&page=1 </a>
Nota pública Biblioteca Digital Hispánica
Holdings
Estatus retirado Estado de pérdida Estado de daño No para préstamo Colección Biblioteca de origen Biblioteca actual Ubicación en estantería Fecha de adquisición Fuente de adquisición Total de préstamos Signatura topográfica completa Código de barras Visto por última vez Precio de reemplazo Tipo de ítem Koha
        Colección digital Biblioteca del Ateneo de Madrid Biblioteca del Ateneo de Madrid Sala Pecera Planta 2 17/01/2008     F-13098-100 1056087 23/02/2023 23/02/2023 Libro impreso antiguo